[Event "Bamberg-Open 2019"]
[Site "Bamberg"]
[Date "2019.06.01"]
[Round "6.26"]
[White "Haasner, Tom"]
[Black "Schenk, Alexander"]
[Result "1-0"]
[WhiteElo "1963"]
[BlackElo "2096"]
[Annotator "NA"]
[PlyCount "83"]
[EventDate "2019.05.12"]
[EventType "swiss"]
[EventCountry "GER"]
[SourceTitle "playchess.com"]
[Source "ChessBase"]
[SourceQuality "1"]
[TimeControl "40/5400+30:900+30"]

1. d4 {[%emt 0:00:00]} d5 {[%emt 0:00:00]} 2. Bf4 {[%emt 0:00:00]} c5 {[%emt 0:00:00]} 3. e3 {[%emt 0:01:07]} e6 {[%emt 0:00:38]} 4. c3 {[%emt 0:02:02]} Nc6 {[%emt 0:00:34]} 5. Nf3 {[%emt 0:00:54]} Nf6 {[%emt 0:00:39]} 6. Nbd2 {[%emt 0:00:14]} Bd6 {[%emt 0:00:28]} 7. Bg3 {[%emt 0:00:26]} O-O {[%emt 0:00:10]} 8. Bd3 {[%emt 0:00:29]} Qe7 {[%emt 0:00:14]} 9. Ne5 {[%emt 0:00:18]} Bxe5 {[%emt 0:00:20]} 10. dxe5 {[%emt 0:00:36] D02: 1 d4 d5 2 Nf3 sidelines, including 2...Nf6 3 g3 and 2...Nf6 3 Bf4} Nd7 {[%emt 0:00:07]} 11. f4 {[%emt 0:06:15]} f6 {[%emt 0:00:21]} 12. Nf3 {[%emt 0:16:10]} (12. Bh4 Qf7 13. exf6 Nxf6 14. O-O e5 15. Bxf6 gxf6 16. e4 Kh8 17. exd5 Qxd5 18. Be4 Qd6 19. Nc4 Qe7 20. Qh5 exf4 21. Rxf4 Ne5 22. Nxe5 {1-0 (22) Kramnik,V (2777)-Rasmussen,A (2498) Berlin 2015}) 12... fxe5 {[%emt 0:10:24]} 13. fxe5 {[%emt 0:06:43]} Qe8 {[%emt 0:10:12]} 14. Qc2 $146 {[%emt 0:12:38]} ({Predecessor:} 14. O-O Qh5 15. e4 Nb6 16. a4 a5 17. h4 Bd7 18. exd5 Nxd5 {1-0 (45) Dos Santos,H (2270)-Moraes,A Sao Paulo 1997}) 14... g6 {[%emt 0:07:27]} 15. b3 {[%emt 0:05:13]} a6 {[%emt 0:03:59]} 16. Bf4 {[%emt 0:04:29]} Qe7 {[%emt 0:01:26]} 17. O-O {[%emt 0:08:39]} Qg7 {[%emt 0:01:24]} 18. Kh1 {[%emt 0:00:42]} b5 {[%emt 0:12:33]} 19. c4 {[%emt 0:04:02]} Nb4 {[%emt 0:05:11]} 20. Qc3 {[%emt 0:01:13]} bxc4 {[%emt 0:03:12]} 21. bxc4 {[%emt 0:00:19]} d4 {[%emt 0:00:22]} 22. Nxd4 {[%emt 0:06:33]} Nxe5 {[%emt 0:08:28]} 23. Be4 {[%emt 0:01:10]} Ra7 {[%emt 0:17:45]} 24. Nf3 {[%emt 0:01:45]} Nxf3 {[%emt 0:01:03]} 25. Qxg7+ {[%emt 0:00:16]} Kxg7 {[%emt 0:00:26]} 26. Rxf3 {[%emt 0:01:24]} Rd7 {[%emt 0:04:55] [#]} 27. Bh6+ $1 {[%emt 0:02:12] Discovered Attack} Kxh6 {[%emt 0:00:06]} 28. Rxf8 $18 {[%emt 0:00:18]} Bb7 {[%emt 0:00:29]} 29. Bxb7 {[%emt 0:00:49]} Rxb7 {[%emt 0:00:04]} 30. Rc8 {[%emt 0:04:53]} Nc2 {[%emt 0:00:48]} 31. Rc1 {[%emt 0:00:17]} Nxe3 {[%emt 0:00:09]} 32. Rxc5 {[%emt 0:01:23]} Rb2 {[%emt 0:00:07]} 33. h3 {[%emt 0:03:43]} Nxg2 {[%emt 0:00:11]} 34. Re5 {[%emt 0:02:11]} Nh4 {[%emt 0:00:40]} 35. Re3 {[%emt 0:00:31]} Nf5 {[%emt 0:00:13]} 36. Rb3 {[%emt 0:01:02]} Rxa2 {[%emt 0:00:16]} 37. c5 {[%emt 0:00:30]} Nd4 {[%emt 0:00:07]} 38. Re3 {[%emt 0:01:50]} Nf5 {[%emt 0:01:41]} 39. Rec3 {[%emt 0:02:32]} e5 {[%emt 0:07:02]} 40. c6 {[%emt 0:00:18]} Ne7 {[%emt 0:00:27]} 41. c7 {[%emt 0:15:34]} Nc8 {[%emt 0:15:03]} 42. Rd3 {[%emt 0:00:39]} 1-0

[Event "Bamberg-Open 2019"]
[Site "Bamberg"]
[Date "2019.06.02"]
[Round "7.1"]
[White "Laznicka, Viktor"]
[Black "Kurayan, Ruslan"]
[Result "1-0"]
[WhiteElo "2660"]
[BlackElo "2374"]
[Annotator "TA"]
[PlyCount "85"]
[EventDate "2019.05.12"]
[EventType "swiss"]
[EventCountry "GER"]
[SourceTitle "playchess.com"]
[Source "ChessBase"]
[SourceQuality "1"]

{[%evp 18,85,55,47,50,40,35,37,41,38,37,33,32,31,33,12,67,61,52,38,64,53,54,48,66,71,96,87,91,85,93,97,141,131,131,131,131,126,137,132,158,153,154,143,172,172,169,164,436,422,429,412,360,416,372,408,384,332,522,520,481,467,759,743,1446,1299,29987,29988,29998,29999]} 1. d4 Nf6 2. c4 g6 3. Nf3 Bg7 4. g3 O-O 5. Bg2 d6 6. O-O Nc6 7. Nc3 Bf5 8. Ne1 Qc8 9. e4 Bh3 10. Nc2 Bxg2 {E62: King's Indian: Fianchetto: 6...c6 and Panno Variation (6...Nc6) without ...a6} 11. Kxg2 Nd7 12. Be3 e5 {White is slightly better.} 13. d5 Ne7 14. Qd2 f5 15. f3 Rf7 $146 ({Predecessor:} 15... Nf6 16. c5 Qd7 17. Rad1 Rf7 18. a4 dxc5 19. Bxc5 fxe4 20. fxe4 {½-½ (26) Zatonskih,A (2469)-Szczepkowska,K (2377) Germany 2014}) 16. Nb4 a5 (16... f4 $11 17. Bg1 (17. gxf4 exf4 18. Bxf4 Nb6 $11) 17... g5) 17. Nd3 $36 {[%mdl 2048] White fights for an advantage.} b6 18. Rae1 Qa6 19. b3 Raf8 20. Bg5 fxe4 21. fxe4 Rxf1 22. Rxf1 Rxf1 23. Kxf1 Bf6 24. Be3 Kf7 25. g4 Qc8 26. g5 Bg7 27. Qg2 Nb8 28. Nb5 {And now Bxb6! would win.} Kg8 29. Nf2 Na6 30. Ke2 a4 31. Ng4 ({Resist} 31. bxa4 $6 c6 $16) 31... axb3 32. axb3 c6 $2 (32... Qf8 {might work better.} 33. h4 Kh8) 33. Nxd6 $18 Qd7 34. Nf6+ Bxf6 35. gxf6 {Threatening mate with f7+.} Qxd6 36. fxe7 Qxe7 37. Qg4 Nb4 (37... Qe8 {was called for.} 38. Bxb6 Nb8) 38. Bg5 Qd6 39. Qc8+ Kf7 (39... Qf8 $142 40. Qd7 cxd5 41. cxd5 Qc5 42. Qe6+ {[%mdl 64] Double Attack} Kg7 43. Qf6+ Kg8 44. Qe6+ (44. Qxe5 Qc2+ 45. Ke3 Qc1+ 46. Kf3 Qd1+ 47. Kg3 Qg1+ 48. Kh3 Qf1+ 49. Kh4 Qe1+ 50. Kh3 Qf1+ 51. Kh4 Qe1+ 52. Kh3 Qf1+ $11) 44... Kg7 45. Qd7+ Kg8 46. Qe6+ {[%mdl 64] Double Attack}) 40. Qb7+ {[%mdl 64] [#] Double Attack} Ke8 41. Qxh7 {White threatens Qg8+ and mate.} cxd5 42. Qg8+ {[%mdl 64] Double Attack} Qf8 {[#]} 43. Qe6+ $1 {[%mdl 576] Double Attack. Accuracy: White = 65%, Black = 49%.} 1-0

[Event "Bamberg-Open 2019"]
[Site "Bamberg"]
[Date "2019.06.02"]
[Round "7.2"]
[White "Stets, Dmitry"]
[Black "Pacher, Milan"]
[Result "1-0"]
[WhiteElo "2391"]
[BlackElo "2396"]
[Annotator "ChessBase"]
[PlyCount "112"]
[EventDate "2019.05.12"]
[EventType "swiss"]
[EventCountry "GER"]
[SourceTitle "playchess.com"]
[Source "ChessBase"]
[SourceQuality "1"]
[TimeControl "40/5400+30:900+30"]

1. e4 {[%emt 0:00:00]} c5 {[%emt 0:08:13]} 2. Nc3 {[%emt 0:00:00]} d6 {[%emt 0:00:08]} 3. Nf3 {[%emt 0:00:46]} Nf6 {[%emt 0:00:21]} 4. d4 {[%emt 0:00:07]} cxd4 {[%emt 0:00:03]} 5. Nxd4 {[%emt 0:00:07]} a6 {[%emt 0:00:05]} 6. Be3 {[%emt 0:00:11]} e5 {[%emt 0:00:16]} 7. Nb3 {[%emt 0:00:09]} Be6 {[%emt 0:00:06]} 8. Qd2 {[%emt 0:00:25]} Nbd7 {[%emt 0:01:03]} 9. O-O-O {[%emt 0:00:20]} b5 {[%emt 0:01:14]} 10. f4 {[%emt 0:00:18]} Be7 {[%emt 0:08:01]} 11. h3 {[%emt 0:00:41]} O-O {[%emt 0:02:43]} 12. g4 {[%emt 0:16:38]} b4 {[%emt 0:11:31]} 13. Nd5 {[%emt 0:00:25]} Bxd5 {[%emt 0:00:16]} 14. exd5 {[%emt 0:00:37]} a5 {[%emt 0:00:19]} 15. Kb1 {[%emt 0:02:11]} a4 {[%emt 0:10:49]} 16. Nc1 {[%emt 0:00:32]} Qb8 {[%emt 0:01:39]} 17. Qg2 {[%emt 0:06:56]} exf4 {[%emt 0:08:15]} 18. Bxf4 {[%emt 0:00:18]} Rc8 {[%emt 0:00:42]} 19. Bd3 {[%emt 0:09:45]} Nb6 {[%emt 0:05:43]} 20. Bf5 {[%emt 0:07:48]} Rc7 {[%emt 0:02:29]} 21. g5 {[%emt 0:01:44]} Nh5 {[%emt 0:01:30]} 22. Be3 {[%emt 0:03:30]} Nc4 {[%emt 0:03:56]} 23. Bd4 {[%emt 0:00:35]} g6 {[%emt 0:09:04]} 24. Be4 {[%emt 0:05:25]} Bf8 {[%emt 0:01:22]} 25. Bf3 {[%emt 0:02:50]} Ng7 {[%emt 0:09:47]} 26. Bg4 {[%emt 0:01:32]} Qb5 {[%emt 0:02:16]} 27. h4 {[%emt 0:02:13]} b3 {[%emt 0:02:23]} 28. cxb3 {[%emt 0:10:50]} axb3 {[%emt 0:00:05]} 29. Nxb3 {[%emt 0:01:29]} Qa4 {[%emt 0:02:11]} 30. Nc1 {[%emt 0:02:22]} Rb8 {[%emt 0:00:25]} 31. Nb3 {[%emt 0:09:10]} Ra8 {[%emt 0:00:46]} 32. Nc1 {[%emt 0:00:08]} Rb8 {[%emt 0:01:55]} 33. Nb3 {[%emt 0:00:05]} Nf5 {[%emt 0:02:06]} 34. Bxf5 {[%emt 0:00:44]} gxf5 {[%emt 0:00:02]} 35. Rd3 {[%emt 0:04:13]} Bg7 {[%emt 0:00:34]} 36. Bxg7 {[%emt 0:00:18]} Kxg7 {[%emt 0:00:44]} 37. Qf2 {[%emt 0:03:47]} Ra7 {[%emt 0:00:55]} 38. Qd4+ {[%emt 0:00:33]} Kg8 {[%emt 0:00:02]} 39. Kc2 {[%emt 0:00:55]} Rb4 {[%emt 0:00:31]} 40. Qf6 {[%emt 0:00:56]} Qe8 {[%emt 0:03:47]} 41. Kb1 {[%emt 0:18:29]} Qa8 {[%emt 0:05:40]} 42. Qc3 {[%emt 0:00:00]} Rxa2 {[%emt 0:01:10]} 43. Rh2 {[%emt 0:00:00]} Rba4 {[%emt 0:05:04]} 44. Rd4 {[%emt 0:00:00]} Na3+ {[%emt 0:02:41]} 45. Kc1 {[%emt 0:00:00]} Nb5 {[%emt 0:01:15]} 46. Rxa4 {[%emt 0:00:00]} Rxa4 {[%emt 0:00:02]} 47. Qc6 {[%emt 0:01:33]} Qa7 {[%emt 0:00:15]} 48. Re2 {[%emt 0:01:00]} Rb4 {[%emt 0:01:47]} 49. Qc8+ {[%emt 0:02:01]} Kg7 {[%emt 0:00:03]} 50. Qxf5 {[%emt 0:00:07]} Nc7 {[%emt 0:02:06]} 51. Qf6+ {[%emt 0:01:10]} Kg8 {[%emt 0:00:02]} 52. Re7 {[%emt 0:01:30]} Qg1+ {[%emt 0:00:27]} 53. Kc2 {[%emt 0:00:26]} Qh2+ {[%emt 0:01:54]} 54. Kb1 {[%emt 0:00:41]} Rf4 {[%emt 0:00:33]} 55. Qc3 {[%emt 0:00:14]} Qg1+ {[%emt 0:00:30]} 56. Nc1 {[%emt 0:00:19]} Qe3 1-0

[Event "Bamberg-Open 2019"]
[Site "Bamberg"]
[Date "2019.06.02"]
[Round "7.3"]
[White "Mooser, Stefan"]
[Black "Spitzl, Vinzent"]
[Result "1/2-1/2"]
[WhiteElo "2215"]
[BlackElo "2263"]
[Annotator "ChessBase"]
[PlyCount "39"]
[EventDate "2019.05.12"]
[EventType "swiss"]
[EventCountry "GER"]
[SourceTitle "playchess.com"]
[Source "ChessBase"]
[SourceQuality "1"]
[TimeControl "40/5400+30:900+30"]

1. d4 {[%emt 0:00:00]} d5 {[%emt 0:00:08]} 2. c4 {[%emt 0:00:00]} e6 {[%emt 0:00:29]} 3. Nf3 {[%emt 0:00:17]} Nf6 {[%emt 0:00:06]} 4. g3 {[%emt 0:00:19]} Bb4+ {[%emt 0:00:37]} 5. Bd2 {[%emt 0:00:14]} Bd6 {[%emt 0:00:06]} 6. Bg2 {[%emt 0:00:46]} O-O {[%emt 0:01:45]} 7. O-O {[%emt 0:00:06]} Nbd7 {[%emt 0:01:20]} 8. Qc2 {[%emt 0:01:06]} c6 {[%emt 0:00:07]} 9. Rd1 {[%emt 0:06:10]} Ne4 {[%emt 0:00:31]} 10. Be1 {[%emt 0:00:29]} f5 {[%emt 0:01:14]} 11. b4 {[%emt 0:00:33]} Qe7 {[%emt 0:06:52]} 12. b5 {[%emt 0:12:25]} dxc4 {[%emt 0:05:44]} 13. bxc6 {[%emt 0:04:44]} Nb6 {[%emt 0:00:54]} 14. Nbd2 {[%emt 0:04:22]} Nxd2 {[%emt 0:13:24]} 15. Nxd2 {[%emt 0:01:49]} bxc6 {[%emt 0:02:01]} 16. Nxc4 {[%emt 0:01:34]} Nxc4 {[%emt 0:01:39]} 17. Qxc4 {[%emt 0:00:07]} Rb8 {[%emt 0:00:18]} 18. Rab1 {[%emt 0:09:17]} Rxb1 {[%emt 0:05:35]} 19. Rxb1 {[%emt 0:00:02]} c5 {[%emt 0:01:18]} 20. dxc5 {[%emt 0:12:52]} 1/2-1/2

[Event "Bamberg-Open 2019"]
[Site "Bamberg"]
[Date "2019.06.02"]
[Round "7.4"]
[White "Weishaeutel, Moritz"]
[Black "Plat, Vojtech"]
[Result "0-1"]
[WhiteElo "2252"]
[BlackElo "2540"]
[Annotator "ChessBase"]
[PlyCount "96"]
[EventDate "2019.05.12"]
[EventType "swiss"]
[EventCountry "GER"]
[SourceTitle "playchess.com"]
[Source "ChessBase"]
[SourceQuality "1"]
[TimeControl "40/5400+30:900+30"]

1. e4 {[%emt 0:00:00]} e5 {[%emt 0:09:07]} 2. Nf3 {[%emt 0:00:00]} d6 {[%emt 0:00:05]} 3. d4 {[%emt 0:00:00]} exd4 {[%emt 0:00:04]} 4. Nxd4 {[%emt 0:00:00]} Nf6 {[%emt 0:00:06]} 5. Nc3 {[%emt 0:00:00]} Be7 {[%emt 0:00:05]} 6. Bf4 {[%emt 0:00:10]} O-O {[%emt 0:00:22]} 7. Qd2 {[%emt 0:00:05]} c6 {[%emt 0:00:03]} 8. O-O-O {[%emt 0:00:20]} b5 {[%emt 0:00:05]} 9. f3 {[%emt 0:00:12]} b4 {[%emt 0:00:15]} 10. Na4 {[%emt 0:00:43]} Bd7 {[%emt 0:00:05]} 11. g4 {[%emt 0:00:34]} c5 {[%emt 0:04:54]} 12. Nf5 {[%emt 0:00:31]} Bxa4 {[%emt 0:00:06]} 13. Nxe7+ {[%emt 0:00:05]} Qxe7 {[%emt 0:00:06]} 14. Bxd6 {[%emt 0:00:05]} Qe8 {[%emt 0:02:38]} 15. Bxc5 {[%emt 0:00:47]} Nbd7 {[%emt 0:00:35]} 16. Bxf8 {[%emt 0:07:55]} Qxf8 {[%emt 0:00:03]} 17. b3 {[%emt 0:01:09]} Bc6 {[%emt 0:00:08]} 18. Qd6 {[%emt 0:00:27]} Qxd6 {[%emt 0:06:22]} 19. Rxd6 {[%emt 0:00:02]} Ne5 {[%emt 0:00:07]} 20. Be2 {[%emt 0:16:26]} a5 {[%emt 0:08:22]} 21. Rhd1 {[%emt 0:01:56]} Ne8 {[%emt 0:00:16]} 22. f4 {[%emt 0:04:44]} Nxd6 {[%emt 0:00:06]} 23. Rxd6 {[%emt 0:00:01]} Bxe4 {[%emt 0:07:01]} 24. fxe5 {[%emt 0:00:07]} Kf8 {[%emt 0:00:03]} 25. Bb5 {[%emt 0:08:39]} Rc8 {[%emt 0:01:35]} 26. Bc4 {[%emt 0:00:58]} Rc5 {[%emt 0:04:38]} 27. Rd8+ {[%emt 0:23:46]} Ke7 {[%emt 0:00:08]} 28. Rg8 {[%emt 0:00:04]} Rxe5 {[%emt 0:02:27]} 29. Rxg7 {[%emt 0:00:07]} Bg6 {[%emt 0:00:02]} 30. Rg8 {[%emt 0:01:02]} Re1+ {[%emt 0:00:03]} 31. Kd2 {[%emt 0:12:54]} Rh1 {[%emt 0:00:10]} 32. Ra8 {[%emt 0:00:47]} Rxh2+ {[%emt 0:00:07]} 33. Be2 {[%emt 0:00:19]} h5 {[%emt 0:00:30]} 34. Ke3 {[%emt 0:03:36]} h4 {[%emt 0:00:10]} 35. Rxa5 {[%emt 0:04:44]} h3 {[%emt 0:00:44]} 36. Bd3 {[%emt 0:01:36]} Rxc2 {[%emt 0:05:57]} 37. Bxc2 {[%emt 0:03:28]} h2 {[%emt 0:00:05]} 38. Rh5 {[%emt 0:00:07]} Bxh5 {[%emt 0:00:06]} 39. Be4 {[%emt 0:00:02]} Bxg4 {[%emt 0:00:06]} 40. Kf4 {[%emt 0:00:06]} Bd1 {[%emt 0:00:48]} 41. Kg3 {[%emt 0:18:40]} Bc2 {[%emt 0:15:18]} 42. Bf3 {[%emt 0:03:53]} Bb1 {[%emt 0:00:04]} 43. Kxh2 {[%emt 0:00:03]} Bxa2 {[%emt 0:00:04]} 44. Bd5 {[%emt 0:01:20]} f5 {[%emt 0:00:06]} 45. Kg3 {[%emt 0:00:33]} Kd6 {[%emt 0:00:03]} 46. Bg8 {[%emt 0:00:29]} Ke5 {[%emt 0:00:02]} 47. Kf3 {[%emt 0:00:07]} Bb1 {[%emt 0:00:04]} 48. Ke3 {[%emt 0:00:29]} Be4 {[%emt 0:00:03] Kd4+} 0-1

[Event "Bamberg-Open 2019"]
[Site "Bamberg"]
[Date "2019.06.02"]
[Round "7.5"]
[White "Hirneise, Jens"]
[Black "Fiedorek, Michal"]
[Result "1/2-1/2"]
[WhiteElo "2375"]
[BlackElo "2088"]
[Annotator "ChessBase"]
[PlyCount "45"]
[EventDate "2019.05.12"]
[EventType "swiss"]
[EventCountry "GER"]
[SourceTitle "playchess.com"]
[Source "ChessBase"]
[SourceQuality "1"]
[TimeControl "40/5400+30:900+30"]

1. e4 {[%emt 0:00:00]} c5 {[%emt 0:00:00]} 2. Nf3 {[%emt 0:00:00]} d6 {[%emt 0:00:00]} 3. d4 {[%emt 0:00:00]} cxd4 {[%emt 0:00:00]} 4. Nxd4 {[%emt 0:00:00]} Nf6 {[%emt 0:00:00]} 5. Nc3 {[%emt 0:00:00]} Nc6 {[%emt 0:00:10]} 6. Bg5 {[%emt 0:00:00]} e6 {[%emt 0:00:10]} 7. Qd2 {[%emt 0:00:03]} a6 {[%emt 0:00:07]} 8. O-O-O {[%emt 0:00:07]} Bd7 {[%emt 0:00:23]} 9. f4 {[%emt 0:00:09]} b5 {[%emt 0:00:46]} 10. Bxf6 {[%emt 0:00:11]} gxf6 {[%emt 0:00:08]} 11. Kb1 {[%emt 0:00:08]} b4 {[%emt 0:00:18]} 12. Nce2 {[%emt 0:00:05]} Qb6 {[%emt 0:00:14]} 13. Nxc6 {[%emt 0:00:14]} Bxc6 {[%emt 0:00:08]} 14. f5 {[%emt 0:00:13]} e5 {[%emt 0:00:30]} 15. Ng3 {[%emt 0:00:14]} h5 {[%emt 0:00:18]} 16. Bc4 {[%emt 0:00:30]} h4 {[%emt 0:01:01]} 17. Nf1 {[%emt 0:00:08]} Qc5 {[%emt 0:00:31]} 18. Qd3 {[%emt 0:16:03]} Bh6 {[%emt 0:17:13]} 19. Nd2 {[%emt 0:08:20]} Bb5 {[%emt 0:05:14]} 20. Qb3 {[%emt 0:17:14]} O-O {[%emt 0:09:33]} 21. Bd3 {[%emt 0:17:44]} Rfc8 {[%emt 0:09:33]} 22. Nf3 {[%emt 0:00:55]} Rc6 {[%emt 0:21:52]} 23. Ne1 {[%emt 0:18:19]} 1/2-1/2

[Event "Bamberg-Open 2019"]
[Site "Bamberg"]
[Date "2019.06.02"]
[Round "7.6"]
[White "Gegenfurtner, Juergen"]
[Black "Kolb, Tobias"]
[Result "1-0"]
[WhiteElo "2323"]
[BlackElo "1915"]
[Annotator "ChessBase"]
[PlyCount "83"]
[EventDate "2019.05.12"]
[EventType "swiss"]
[EventCountry "GER"]
[SourceTitle "playchess.com"]
[Source "ChessBase"]
[SourceQuality "1"]
[TimeControl "40/5400+30:900+30"]

1. e4 {[%emt 0:00:00]} c6 {[%emt 0:00:00]} 2. d4 {[%emt 0:00:00]} d5 {[%emt 0:00:00]} 3. exd5 {[%emt 0:00:00]} cxd5 {[%emt 0:00:00]} 4. Bd3 {[%emt 0:00:00]} Nc6 {[%emt 0:00:00]} 5. c3 {[%emt 0:00:13]} Qc7 {[%emt 0:00:00]} 6. Nd2 {[%emt 0:03:33]} e5 {[%emt 0:05:28]} 7. dxe5 {[%emt 0:00:08]} Nxe5 {[%emt 0:00:31]} 8. Bb5+ {[%emt 0:01:42]} Bd7 {[%emt 0:01:41]} 9. Bxd7+ {[%emt 0:03:51]} Qxd7 {[%emt 0:02:52]} 10. Ndf3 {[%emt 0:01:02]} Nc6 {[%emt 0:06:01]} 11. Ne2 {[%emt 0:00:39]} Nf6 {[%emt 0:01:03]} 12. O-O {[%emt 0:00:27]} Bd6 {[%emt 0:03:34]} 13. Bf4 {[%emt 0:06:41]} O-O-O {[%emt 0:07:01]} 14. Bxd6 {[%emt 0:06:35]} Qxd6 {[%emt 0:01:15]} 15. Ned4 {[%emt 0:01:39]} Rhe8 {[%emt 0:05:02]} 16. Qa4 {[%emt 0:18:31]} Kb8 {[%emt 0:02:58]} 17. Nb5 {[%emt 0:04:26]} Qd7 {[%emt 0:04:18]} 18. Rfe1 {[%emt 0:03:15]} Ne4 {[%emt 0:10:23]} 19. Rad1 {[%emt 0:00:54]} a6 {[%emt 0:01:38]} 20. Nbd4 {[%emt 0:00:11]} g5 {[%emt 0:09:05]} 21. Nxc6+ {[%emt 0:07:35]} Qxc6 {[%emt 0:00:07]} 22. Qd4 {[%emt 0:00:32]} f5 {[%emt 0:05:46]} 23. Nxg5 {[%emt 0:02:18]} Rg8 {[%emt 0:06:52]} 24. Nxe4 {[%emt 0:04:21]} fxe4 {[%emt 0:00:16]} 25. Re3 {[%emt 0:01:42]} Rg5 {[%emt 0:03:12]} 26. Rg3 {[%emt 0:01:50]} Rdg8 {[%emt 0:00:18]} 27. Rxg5 {[%emt 0:01:03]} Rxg5 {[%emt 0:00:05]} 28. g3 {[%emt 0:00:28]} h5 {[%emt 0:01:24]} 29. b3 {[%emt 0:03:00]} b5 {[%emt 0:01:18]} 30. c4 {[%emt 0:01:12]} Kb7 {[%emt 0:03:10]} 31. cxd5 {[%emt 0:03:46]} Qd6 {[%emt 0:03:13]} 32. Qxe4 {[%emt 0:00:35]} Re5 {[%emt 0:00:39]} 33. Qf4 {[%emt 0:00:48]} Kb6 {[%emt 0:00:39]} 34. b4 {[%emt 0:01:28]} a5 {[%emt 0:00:58]} 35. a3 {[%emt 0:00:11]} axb4 {[%emt 0:01:08]} 36. axb4 {[%emt 0:00:11]} Kb7 {[%emt 0:02:32]} 37. Kg2 {[%emt 0:00:46]} Kb6 {[%emt 0:00:17]} 38. h3 {[%emt 0:03:23]} Kb7 {[%emt 0:00:00]} 39. Kh2 {[%emt 0:01:26]} Ka6 {[%emt 0:00:09]} 40. Rd2 {[%emt 0:00:30]} Kb7 {[%emt 0:00:30]} 41. Re2 {[%emt 0:17:52]} Rxd5 42. Qf7+ 1-0

[Event "Bamberg-Open 2019"]
[Site "Bamberg"]
[Date "2019.06.02"]
[Round "7.7"]
[White "Ziegenfuss, Holger"]
[Black "Hacker, Jonas"]
[Result "1-0"]
[WhiteElo "2006"]
[BlackElo "2386"]
[Annotator "ChessBase"]
[PlyCount "119"]
[EventDate "2019.05.12"]
[EventType "swiss"]
[EventCountry "GER"]
[SourceTitle "playchess.com"]
[Source "ChessBase"]
[SourceQuality "1"]
[TimeControl "40/5400+30:900+30"]

1. e4 {[%emt 0:00:00]} e5 {[%emt 0:00:00]} 2. Nf3 {[%emt 0:01:47]} Nc6 {[%emt 0:00:00]} 3. Bc4 {[%emt 0:00:05]} Nf6 {[%emt 0:00:00]} 4. d3 {[%emt 0:00:58]} Bc5 {[%emt 0:00:00]} 5. Nc3 {[%emt 0:02:56]} a6 {[%emt 0:01:22]} 6. a3 {[%emt 0:00:43]} d6 {[%emt 0:00:25]} 7. Be3 {[%emt 0:08:57]} Ba7 {[%emt 0:05:25]} 8. Bxa7 {[%emt 0:03:13]} Rxa7 {[%emt 0:00:16]} 9. h3 {[%emt 0:00:27]} O-O {[%emt 0:04:44]} 10. O-O {[%emt 0:03:44]} Be6 {[%emt 0:07:13]} 11. Ba2 {[%emt 0:10:01]} Bxa2 {[%emt 0:03:10]} 12. Rxa2 {[%emt 0:00:08]} d5 {[%emt 0:00:14]} 13. Ra1 {[%emt 0:03:15]} Ra8 {[%emt 0:00:32]} 14. Re1 {[%emt 0:03:46]} Re8 {[%emt 0:00:34]} 15. Qd2 {[%emt 0:07:36]} dxe4 {[%emt 0:08:48]} 16. dxe4 {[%emt 0:02:19]} Nd4 {[%emt 0:01:58]} 17. Qd1 {[%emt 0:05:36]} c5 {[%emt 0:06:03]} 18. Nd2 {[%emt 0:00:39]} Qc7 {[%emt 0:03:11]} 19. Nf1 {[%emt 0:07:15]} Qc6 {[%emt 0:06:14]} 20. f3 {[%emt 0:05:31]} Rad8 {[%emt 0:01:19]} 21. Qc1 {[%emt 0:01:44]} Nh5 {[%emt 0:06:52]} 22. Ne2 {[%emt 0:17:01]} Qg6 {[%emt 0:11:04]} 23. Kh2 Nf4 {[%emt 0:00:02]} 24. Nxf4 {[%emt 0:03:34]} exf4 {[%emt 0:01:59]} 25. Rb1 Qg5 26. c3 {[%emt 0:01:51]} Nb3 {[%emt 0:07:36]} 27. Qc2 {[%emt 0:00:07]} c4 {[%emt 0:00:05]} 28. Rbd1 {[%emt 0:00:28]} Nc5 {[%emt 0:06:45]} 29. Rd4 {[%emt 0:03:06]} b5 {[%emt 0:02:16]} 30. Red1 Ne6 31. Rd5 {[%emt 0:01:56]} Qh4 {[%emt 0:01:02]} 32. Kg1 h6 {[%emt 0:00:57]} 33. Qf2 {[%emt 0:00:55]} Qe7 {[%emt 0:01:35]} 34. Qb6 {[%emt 0:00:49]} Ra8 {[%emt 0:00:34]} 35. Rd6 {[%emt 0:00:41]} Rec8 {[%emt 0:02:12]} 36. R1d5 {[%emt 0:00:47]} Qa7 {[%emt 0:00:52]} 37. Qxa7 {[%emt 0:01:15]} Rxa7 {[%emt 0:00:05]} 38. Rd2 Nc5 {[%emt 0:01:32]} 39. Nh2 {[%emt 0:01:47]} h5 {[%emt 0:01:41]} 40. Kf1 {[%emt 0:01:42]} Re7 {[%emt 0:02:22]} 41. R6d5 {[%emt 0:16:43]} g6 {[%emt 0:15:25]} 42. Kg1 {[%emt 0:01:40]} Kg7 {[%emt 0:01:40]} 43. Nf1 {[%emt 0:00:06]} Rc6 {[%emt 0:03:52]} 44. Kh2 {[%emt 0:00:00]} Kf6 {[%emt 0:00:00]} 45. g3 {[%emt 0:00:00]} Nd3 {[%emt 0:00:00]} 46. gxf4 {[%emt 0:00:00]} Nxf4 {[%emt 0:00:00]} 47. Rd8 {[%emt 0:00:00]} Kg5 {[%emt 0:00:00]} 48. Ne3 {[%emt 0:00:00]} f5 {[%emt 0:00:00]} 49. Nd5 {[%emt 0:00:00]} Re5 {[%emt 0:00:00]} 50. h4+ {[%emt 0:00:00]} Kxh4 {[%emt 0:00:00]} 51. Nxf4 {[%emt 0:00:00]} Kg5 {[%emt 0:00:00]} 52. Nd5 {[%emt 0:00:00]} Kh6 {[%emt 0:00:00]} 53. exf5 {[%emt 0:00:00]} gxf5 {[%emt 0:00:00]} 54. Rg2 {[%emt 0:00:02]} Rg6 {[%emt 0:00:00]} 55. Rd2 {[%emt 0:01:46]} Re1 {[%emt 0:02:00]} 56. Nf4 {[%emt 0:01:33]} Rgg1 {[%emt 0:02:04]} 57. Nh3 {[%emt 0:01:49]} Rgf1 {[%emt 0:01:32]} 58. Kg2 {[%emt 0:00:16]} Rb1 {[%emt 0:00:18]} 59. R8d6+ {[%emt 0:00:11]} Kg7 {[%emt 0:00:11]} 60. Rxa6 {[%emt 0:00:05]} 1-0